LEADER 01501nas a2200289 i 4500 001 000000161693 003 CaOOAMICUS 005 20070525000000.0 008 070525b2003 xxuuu u0 0eng r 013 $a139056 040 $aSeMil$bita 245 10$aTerms of Continental Philosophy /$cedited by Steven Crowell [and] Margaret A. Simons ; Executive Committee Dan Dahlstrom ... [et al.]. 260 $aChicago :$bDePaul University,$ccopyr. 2003. 300 $a204 p. ;$c26 cm. 500 $aEstratti dal 41. Convegno annuale SPEP, Society for Phenomenology and Existential Philosophy. 700 1 $aSociety for Phenomenology and Existential Philosophy (SPEP) : Annual Meeting <41. ; 2002>.$0(OLS)http://semarc/name/42735 700 1 $aDahlstrom, Dan.$0(OLS)http://semarc/name/42736 700 1 $aSimons, Margaret A.$0(OLS)http://semarc/name/42732 700 1 $aCrowell, Steven.$0(OLS)http://semarc/name/42728 773 0 $tSelected Studies in Phenomenology and Existential Philosophy.$dChicago : DePaul University, 1996.$w()334 773 0 $tPhilosophy Today.$dCarthagena (Ohio) : Messenger Press, 1957.$x0031-8256$w()2613 774 0 $t[vedi periodico].$w()266498 850 $aSeMil 852 $aSeMil$W1$xVenegono$y1$m16 6 52$j113072$B113072$CSeMilBibl$Z2$F123577 $85 961 $aAbbonamento: DePaul University 996 $6245$aTerms of Continental Philosophy$9(OLS)http://semarc/title/144936 996 $6260$aChicago :$bDePaul University$9(OLS)http://semarc/publisher/29833 LEADER 01721nam a2200253 i 4500 001 000000021945 003 CaOOAMICUS 005 20180830125445.0 008 180830s1907 it u000 u ita u 040 $aSeMil$bita 245 10$aSancti Gregorii Magni Epistolae selectae /$ccurante sac. Nicolao Turchi. 260 $aRomae :$bEx Officina typographica Forzani et Socii,$c1907-1908. 300 $a2 v. ;$c21 cm. 700 1 $aTurchi, Nicola <1882-1958>.$0(OLS)http://semarc/name/6408 700 0 $aGregorius I,$c.$0(OLS)http://semarc/name/465 773 0 $tBibliotheca sanctorum patrum et scriptorum ecclesiasticorum theologiae et christianarum litterarum cultoribus accommodata. Series 7., Scriptores Medii Aevi.$dRomae : Ex Officina typographica Forzani et Socii, [19--?]$w()21944 774 0 $tPars 1.$kBibliotheca Sanctorum Patrum : theologiae tironibus et universo clero accommodata$kBibliotheca sanctorum patrum et scriptorum ecclesiasticorum theologiae et christianarum litterarum cultoribus accommodata. Series 7., Scriptores Medii Aevi$w()181351 774 0 $tPars 2. ; Regulae Pastoralis.$kBibliotheca Sanctorum Patrum : theologiae tironibus et universo clero accommodata$kBibliotheca sanctorum patrum et scriptorum ecclesiasticorum theologiae et christianarum litterarum cultoribus accommodata. Series 7., Scriptores Medii Aevi$w()181352 900 0 $aGregorio : Magno$c. 900 0 $aGregorio I$c. 996 $6245$aSancti Gregorii Magni Epistolae selectae$9(OLS)http://semarc/title/29159 996 $6260$aRomae :$bEx Officina typographica Forzani et Socii$9(OLS)http://semarc/publisher/35626